000 00588cam a22001697a 4500
008 180718b1983 xxu||||| |||| 00| 0 eng d
082 _aAPPPA 82-83 VER
100 _aVerma, J.K.
245 _aWorkers participation in management: a case study of J.C.Ms. in income tax department in Agra, Kanpur and Meerut charges
_cby J.K. Verma
260 _aNew Delhi
_bIndian Institute of Public Administration
_c1983
300 _a127p.
650 _aMeerut charges
650 _aKanpur
650 _aJ.C.Ms.-Income tax department-Agra
650 _aManagement
650 _aWorkers participation
999 _c501276
_d501276